000 00743nam a2200229 a 4500
001 25184
003 BD-RjUL
005 20211209050838.0
008 140316s1934 enkacb 001 0beng d
035 _a(BD-RjUL)25253
040 _aLC
_beng
_cLC
_dBD-RjUL
041 _aeng
082 0 4 _a915.67
_bLIT 1934
100 1 _aLiddell Hart, Basil Henry,
_d1895-1970.
_968028
245 1 0 _a"T.E. Lawrence" in Arabia and after /
_cby Liddell Hart.
260 _aLondon :
_bCape,
_c1934.
300 _a454 p., [17] leaves of plates :
_bill., frontis., ports., maps ;
_c23 cm.
500 _aSome of the maps are on folded leaves.
504 _aIncludes index.
600 1 0 _aLawrence, T. E.
_q(Thomas Edward),
_d1888-1935.
_969790
942 _2ddc
_cBK
999 _c25184
_d25184